000 02277nam a2200325 i 4500
003 EG-GICUC
005 20260221101855.0
008 260115s1991 ua |||fr|||| 00| 0 ara d
040 _a EG-GICUC
_bara
_c EG-GICUC
_d EG-GICUC
_erda
041 0 _aAra
082 0 4 _221
_a343.83
_bم د . ط
092 0 4 _221
099 _aLaw1 10 343.83 م د . ط 1991
100 0 _aمديحة فؤاد الخضرى
_eمؤلف.
245 1 2 _aالطب الشرعى والبحث الجنائى :
_bالموت والتغيرات التى تحدث للجثة عقب الوفاة - الموت الفجائى- الجروح - الحروق الأسفكسيا - الآلات النارية - العاهة المستديمة - اغتصاب وهتك العرض - الإجهاض - السموم التزييف والتزوير وفحص المستندات. تعليمات الطب الشرعى واختصاص أطباء الشرعيين - الخبرة وأحكام النقض وشرعها. إجراءات المعاينة الفنية - آثار البصمات - آثار الأسلحة النارية - آثار الحريق العمدى - آثار الآلات - آثار الأقدام - آثار اطارات - آثار الأتربة - آثار الأنسجة - آثار الطلاء - آثار الشعر - آثار الزجاج - آثار البقع الدموية والسائل المنوى - آثار البول واللعاب والبراز والقئ والمخاط /
_cتأليف دكتورة مديحة فؤاد الخضرى، أحمد أبو الروس.
264 3 _aالإسكندرية :
_bدار المطبوعات الجامعية،
_bمطبعة رويال،
_c1991.
300 _a848 صفحة؛
_c24 سم.
_bإيضاحيات، صور، مثيليات ؛
336 _2rda content
_atext
337 _2rda media
_aComputer
338 _2rda carrier
_aOnline Resource
504 _a. 240-220 ببليوجرافيا: صفحات.
546 _aالنص باللغة العربية
650 1 _aالطب الشرعى
_2qrmak
650 1 _aالقانون الجنائى
_2qrmak
651 1 _2qrmak
700 0 _aأحمد أبو الروس
_eمؤلف مشارك.
856 4 0 _uhttps://fll.law.cu.edu.eg/fulltext/bks/B10-07805.pdf
905 _a54
_eYara
942 _2ddc
_cBK
_e21
_n0
999 _c57257
_d57257